000 00751nas a2200241 4500
001 BR2016001413
003 BR-BrBNA
005 20231205130237.0
007 ta
008 230509b bl.|||p| |||| 00| 00por d
040 _aBR-BrBNA
_bpor
_cBiblioteca Nacional de Agricultura
041 _a(Pt)
072 _aS01
100 1 _aAngelis-Pereira, M.C. de
100 1 _aPicinin, C.T.R.
245 1 _aAzeite de oliva na saúde humana
650 _aAZEITE
650 _aCOMPOSTO FENÓLICO
650 _aVALOR NUTRITIVO
773 0 _tInforme Agropecuário - Empresa de Pesquisa Agropecuária de Minas Gerais (Brazil)
_xISSN 0100-3364
_g(2014), v. 35(282) p. 72-80
_wBR2016001413
909 _a202311
_bLúcia
_c55
_dLúcia Elande
942 _2AGRIS
_n0
_cANA
999 _c248423
_d248423